000 00473nam a2200205Ia 4500
003 OSt
005 20240304095952.0
008 210323s9999||||xx |||||||||||||| ||und||
040 _cSTCPL
041 _aENG
082 _a821
_bELI-F
100 _aEliot, T. S.
245 0 _aFour quartets /
_cby T. S. Eliot
260 _aLondon :
_bFaber and Faber ,
_c1935 .
300 _a59 p.
_bHB
650 _aEnglish literature
650 _aPoem
942 _cBK
942 _2ddc
999 _c34427
_d34427